| 000 | 01810cam a22004814i 4500 | ||
|---|---|---|---|
| 003 | PE-LiUPU | ||
| 005 | 20250731173413.0 | ||
| 008 | 150706s2011 xxu r 000 0 spa d | ||
| 020 | _a9781463304010 | ||
| 035 | _a(Sirsi) i9781463304010 | ||
| 040 |
_aPE-LiUPU _bspa _cPE-LiUPU _erda |
||
| 049 | _aPRUA | ||
| 082 | 0 | 4 |
_a227.4 _bL9 _221 |
| 100 | 1 |
_aLutero, Martín, _d1483-1546, _eautor. _91490 |
|
| 245 | 1 | 3 |
_aEl comentario de Martín Lutero : _bsobre la epístola a los Gálatas, justificados por la fe sola / _cMartín Lutero; Haroldo S. Camacho, trad. |
| 264 | 1 |
_aEstados Unidos de América : _bHaroldos S. Camacho, _c2011. |
|
| 300 |
_a562 páginas ; _c23 centímetros |
||
| 336 |
_atext _2rdacontent |
||
| 337 |
_aunmediated _2rdamedia |
||
| 338 |
_avolume _2rdacarrier |
||
| 505 | 0 | _aEl prefacio de Martín Lutero -- Introducción de Martin Lutero -- Argumento de la Epístola. Galatas. | |
| 526 | _aSEG42 | ||
| 526 | _aSEG41 | ||
| 526 | _aSEG40 | ||
| 526 | _aSEG39 | ||
| 526 | _aP94 | ||
| 526 | _aP87 | ||
| 526 | _aP86 | ||
| 526 | _aP85 | ||
| 526 | _aP77 | ||
| 526 | _aP76 | ||
| 526 | _aP35 | ||
| 600 | 1 |
_aLutero, Martín. _d1483-1546 _vObras |
|
| 630 |
_aBiblia. _pN.T. _PG álatas _xComentarios. |
||
| 700 | 1 |
_aCamacho, Haroldo S., _etraductor. |
|
| 910 |
_agl _bjv _cng _d20111213 |
||
| 942 |
_2ddc _cBOOK |
||
| 949 |
_a227.4 L9 _wDEWEY _c1 _i64247 _lCCODEBUL1 _mBUL _p15.00 _r0 _sY _tBOOK _u2015-7-6 _xTEOLOGIA _PP35 _o.STAFF. Colección General |
||
| 994 |
_aC0 _bPEPRU |
||
| 596 | _a1 | ||
| 999 |
_a227.4 L9 _wDEWEY _c53060 _i64247 _d53060 _e2017-5-14 _f2021-11-9 _g5 _lCCODEBUL1 _mBUL _n8 _p15.00 _q5 _r0 _sY _tBOOK _u2015-7-6 _xTEOLOGIA _PP35 _0COMPRA _o.STAFF. Colección Teología |
||
| 980 |
_81 _gALBERTO SANCHEZ Responsable de Automatización |
||